logo

Bir Sreshtho Munshi Abdur Rouf Library
Jhenaidah Cadet College

তিতাস একটি নদীর নাম / (Record no. 888)

MARC details
000 -LEADER
fixed length control field 00712nam a2200229 a 4500
001 - CONTROL NUMBER
JCCL Control Number 888
003 - CONTROL NUMBER IDENTIFIER
JCCL marc code BD-JhCC
005 - DATE AND TIME OF LATEST TRANSACTION
control field 20171011131410.0
008 - FIXED-LENGTH DATA ELEMENTS--GENERAL INFORMATION
fixed length control field 171011s2013 bg |||| ||a| 000 0 ben d
020 ## - INTERNATIONAL STANDARD BOOK NUMBER
International Standard Book Number 9789847210063
035 ## - SYSTEM CONTROL NUMBER
system control number (BD-JhCC)888
040 ## - CATALOGING SOURCE
Original cataloging agency BD-JhCC
Modifying agency BD-JhCC
041 ## - LANGUAGE CODE
Language code of Book ben
082 ## - DEWEY DECIMAL CLASSIFICATION NUMBER
Classification number 891.443
Author mark and Year MBN 2013
100 ## - MAIN ENTRY--PERSONAL NAME
Personal name মল্লবর্মণ, অদ্বৈত
245 ## - TITLE STATEMENT
Title তিতাস একটি নদীর নাম /
Statement of responsibility, etc অদ্বৈত মল্লবর্মণ
260 ## - PUBLICATION, DISTRIBUTION, ETC. (IMPRINT)
Place of publication, distribution, etc ঢাকা :
Name of publisher, distributor, etc বুকক্লাব প্রকাশনী,
Date of publication, distribution, etc ২০১৩.
300 ## - PHYSICAL DESCRIPTION
Pagination 254 p. :
Other physical details ill, ;
Dimensions 21 cm.
650 ## - SUBJECT ADDED ENTRY--TOPICAL TERM
Topical term or geographic name as entry element Bengali Novel
942 ## - ADDED ENTRY ELEMENTS (KOHA)
Source of classification or shelving scheme Dewey Decimal Classification
Koha item type Books
Holdings
Source of classification or shelving scheme Damaged status Not for loan Home library Current library Shelving location Date of accession Source of acquisition Cost, normal purchase price Total Checkouts Full call number Barcode Date last seen Date checked out Copy number Koha item type Method of acquisition Currency
Dewey Decimal Classification     JCC Rouf Library JCC Rouf Library General Stacks 10/10/2017 IPDC 285.00 2 891.4415 MBN 2013 1867 05/25/2025 05/24/2025 C-1 Books    
Dewey Decimal Classification     JCC Rouf Library JCC Rouf Library General Stacks         891.443 MBN 1999 19466 05/11/2024   C-2 Books Purchase BDT

JCC Library | Contacts | JCC Home

Last Update on 23 September 2017
Copyright @ 2017-2020 JCC Rouf Library
Rouf Library, Jhenidah Cadet College (JCC), Bangladesh